000 00327nam a2200145Ia 4500
005 20250603145311.0
008 250603s9999 xx 000 0 und d
245 0 _aMailing list of libraries in Nigeria
260 _aAbuja
260 _bDansalama Press
260 _c2007
300 _a40 p
650 _aAbuja
942 _cBK
999 _c41456
_d41456